Segmentation of Insurance Contracts under IFRS 17
Ustanovenie poistných zmlúv, ich vykazovanie, ohodnocovanie, prezentácia a zverejňovanie v medzinárodnom štandarde finančného výkazníctva IFRS 17. Členenie poistných zmlúv podľa úrovne portfólia, podľa obdobia vzniku (vymedzenie ročnej lehoty, stanovenie nasledujúcich ročných kohort) a podľa očakáva...
Salvato in:
| Autore principale: | |
|---|---|
| Natura: | Capitolo di libro |
| Lingua: | slovacco |
| Soggetti: | |
| Tags: |
Nessun Tag, puoi essere il primo ad aggiungerne!!
|
MARC
| LEADER | 00000naa$a2200000$$$4500 | ||
|---|---|---|---|
| 001 | 0268321 | ||
| 005 | 20240502083804.3 | ||
| 041 | 0 | |a slo | |
| 044 | |a CZ | ||
| 245 | 1 | 0 | |a Segmentation of Insurance Contracts under IFRS 17 |c Silvia Zelinová |
| 520 | |a Ustanovenie poistných zmlúv, ich vykazovanie, ohodnocovanie, prezentácia a zverejňovanie v medzinárodnom štandarde finančného výkazníctva IFRS 17. Členenie poistných zmlúv podľa úrovne portfólia, podľa obdobia vzniku (vymedzenie ročnej lehoty, stanovenie nasledujúcich ročných kohort) a podľa očakávanej ziskovosti (zmluvy nevýhodné, ziskové a ostatné). Oddeľovanie zložiek poistných zmlúv, samostatné investičné zložky a ich oddeľovanie, samostatná servisná zložka. | ||
| 610 | 2 | 0 | |a poisťovníctvo |
| 610 | 2 | 0 | |a zmluvy poistné |
| 610 | 2 | 0 | |a IFRS |
| 610 | 2 | 0 | |a výkazníctvo finančné |
| 610 | 2 | 0 | |a štandardy účtovné medzinárodné |
| 610 | 2 | 0 | |a metodológia |
| 610 | 2 | 0 | |a metódy aktuárske |
| 100 | 1 | |a Zelinová, Silvia, 1987- | |